Multicenter MICZ-Kepler systems; Theoretical and Mathematical Physics; Vol. 155, iss. 1

Sonraí bibleagrafaíochta
Parent link:Theoretical and Mathematical Physics: Scientific Journal
Vol. 155, iss. 1.— 2008.— [P. 618-626]
Príomhchruthaitheoir: Nersessian A. P. Armen Petrosovich
Rannpháirtithe: Ohanyan V. R.
Achoimre:Title screen
We obtain the classical solutions of the two-center MICZ-Kepler and MICZ-Kepler-Stark problems. We then suggest a model of the multicenter MICZ-Kepler system on an arbitrary conformally flat spherically symmetric three-dimensional space.
Режим доступа: по договору с организацией-держателем ресурса
Teanga:Béarla
Foilsithe / Cruthaithe: 2008
Ábhair:
Rochtain ar líne:http://dx.doi.org/10.1007/s11232-008-0051-6
Formáid: Leictreonach Caibidil leabhair
KOHA link:https://koha.lib.tpu.ru/cgi-bin/koha/opac-detail.pl?biblionumber=641586

MARC

LEADER 00000naa0a2200000 4500
001 641586
005 20250331110420.0
035 |a (RuTPU)RU\TPU\network\6503 
035 |a RU\TPU\network\683 
090 |a 641586 
100 |a 20150522d2008 k||y0rusy50 ba 
101 0 |a eng 
102 |a US 
135 |a drcn ---uucaa 
181 0 |a i  
182 0 |a b 
200 1 |a Multicenter MICZ-Kepler systems  |f A. P. Nersessian, V. R. Ohanyan 
203 |a Text  |c electronic 
300 |a Title screen 
320 |a [References: p. 626 (8 tit.)] 
330 |a We obtain the classical solutions of the two-center MICZ-Kepler and MICZ-Kepler-Stark problems. We then suggest a model of the multicenter MICZ-Kepler system on an arbitrary conformally flat spherically symmetric three-dimensional space. 
333 |a Режим доступа: по договору с организацией-держателем ресурса 
461 |t Theoretical and Mathematical Physics  |o Scientific Journal 
463 |t Vol. 155, iss. 1  |v [P. 618-626]  |d 2008 
610 1 |a электронный ресурс 
610 1 |a труды учёных ТПУ 
700 1 |a Nersessian  |b A. P.  |c physicist  |c Professor of Tomsk Polytechnic University  |f 1964-  |g Armen Petrosovich  |3 (RuTPU)RU\TPU\pers\34605  |9 17967 
701 1 |a Ohanyan  |b V. R. 
801 2 |a RU  |b 63413507  |c 20150522  |g RCR 
856 4 |u http://dx.doi.org/10.1007/s11232-008-0051-6 
942 |c CF